Norma Chilena Oficial NCh 2501-2. Of2000

Saved in:
Bibliografiske detaljer
Corporate Authors: Instituto Nacional de Normalización (Author), INN (Author)
Format: Bog
Sprog:spansk
Udgivet: Santiago Instituto Nacional de Normalización 2000
Udgivelse:1a. ed
Fag:
Tags: Tilføj Tag
Ingen Tags, Vær først til at tagge denne postø!

MARC

LEADER 00000nam a2200000 a 4500
001 UCK6024
003 CL-VaPUC
008 050902e20000000CL |||||||||||||||||spa|d
082 0 4 |a 690.183  |b INS  |2 21 
110 2 |a Instituto Nacional de Normalización  |e author  |9 495079 
710 2 |a INN  |e author  |9 495080 
245 1 0 |a Norma Chilena Oficial NCh 2501-2. Of2000 
246 1 0 |a Andamios metálicos modulares prefabricados - parte 2: requisitos estructurales 
250 |a 1a. ed 
300 |a 15 p 
942 |c BK 
945 |d 20050902 00:00:00  |a jcarroza 
260 |a Santiago  |b Instituto Nacional de Normalización  |c 2000 
650 0 |a Andamios  |9 365497 
650 0 |a Construcción  |9 260195 
650 0 |a Materiales de construcción  |9 260197 
650 0 |a Elementos estructurales  |9 350100 
650 7 |a NORMAS  |2 CL-VaPUC  |9 259606 
583 |a last modification  |c 20050902 00:00:00  |k Rodrigo Vera 
999 |c 314419  |d 314417